<?xml version="1.0" encoding="UTF-8"?>
<record
    xmlns:xsi="http://www.w3.org/2001/XMLSchema-instance"
    xsi:schemaLocation="http://www.loc.gov/MARC21/slim http://www.loc.gov/standards/marcxml/schema/MARC21slim.xsd"
    xmlns="http://www.loc.gov/MARC21/slim">

  <leader>01980nam a2200349 i 4500</leader>
  <controlfield tag="003">EG-ScBUE</controlfield>
  <controlfield tag="005">20240213151031.0</controlfield>
  <controlfield tag="008">180102s2014    ua     f be   000 0 ara d</controlfield>
  <datafield tag="017" ind1=" " ind2=" ">
    <subfield code="a">2013 / 24520</subfield>
  </datafield>
  <datafield tag="017" ind1=" " ind2=" ">
    <subfield code="a">2013 / 19178</subfield>
  </datafield>
  <datafield tag="020" ind1=" " ind2=" ">
    <subfield code="a">9789777186049</subfield>
  </datafield>
  <datafield tag="020" ind1=" " ind2=" ">
    <subfield code="a">9789777185196</subfield>
  </datafield>
  <datafield tag="040" ind1=" " ind2=" ">
    <subfield code="a">EG-ScBUE</subfield>
    <subfield code="b">ara</subfield>
    <subfield code="e">rda</subfield>
    <subfield code="c">EG-ScBUE</subfield>
    <subfield code="d">EG-ScBUE</subfield>
  </datafield>
  <datafield tag="043" ind1=" " ind2=" ">
    <subfield code="a">f-ua---</subfield>
  </datafield>
  <datafield tag="082" ind1="0" ind2="4">
    <subfield code="a">916.203</subfield>
    <subfield code="b">&#x645; &#x634; &#x639;</subfield>
    <subfield code="2">22</subfield>
  </datafield>
  <datafield tag="100" ind1="1" ind2=" ">
    <subfield code="a">&#x645;&#x634;&#x639;&#x644;&#x60C; &#x62C;&#x645;&#x627;&#x644;&#x60C;</subfield>
    <subfield code="e">&#x645;&#x624;&#x644;&#x641;.</subfield>
  </datafield>
  <datafield tag="245" ind1="1" ind2="0">
    <subfield code="a">&#x645;&#x648;&#x633;&#x648;&#x639;&#x629; &#x627;&#x644;&#x628;&#x644;&#x62F;&#x627;&#x646; &#x627;&#x644;&#x645;&#x635;&#x631;&#x64A;&#x629; /</subfield>
    <subfield code="c">&#x62C;&#x645;&#x627;&#x644; &#x645;&#x634;&#x639;&#x644;.</subfield>
  </datafield>
  <datafield tag="250" ind1=" " ind2=" ">
    <subfield code="a">&#x627;&#x644;&#x637;&#x628;&#x639;&#x629; &#x627;&#x644;&#x623;&#x648;&#x644;&#x649;.</subfield>
  </datafield>
  <datafield tag="264" ind1=" " ind2="1">
    <subfield code="a">&#x627;&#x644;&#x642;&#x627;&#x647;&#x631;&#x629; :</subfield>
    <subfield code="b">&#x627;&#x644;&#x645;&#x62C;&#x644;&#x633; &#x627;&#x644;&#x623;&#x639;&#x644;&#x649; &#x644;&#x644;&#x62B;&#x642;&#x627;&#x641;&#x629;&#x60C;</subfield>
    <subfield code="c">2014.</subfield>
  </datafield>
  <datafield tag="300" ind1=" " ind2=" ">
    <subfield code="a">8 &#x645;&#x62C;&#x644;&#x62F;&#x627;&#x62A; &#x61B;</subfield>
    <subfield code="c">24 &#x633;&#x645;.</subfield>
  </datafield>
  <datafield tag="336" ind1=" " ind2=" ">
    <subfield code="2">rdacontent</subfield>
    <subfield code="a">&#x646;&#x635;</subfield>
    <subfield code="b">txt</subfield>
  </datafield>
  <datafield tag="337" ind1=" " ind2=" ">
    <subfield code="a">&#x628;&#x62F;&#x648;&#x646; &#x648;&#x633;&#x64A;&#x637;</subfield>
    <subfield code="2">rdamedia</subfield>
    <subfield code="b">n</subfield>
  </datafield>
  <datafield tag="338" ind1=" " ind2=" ">
    <subfield code="a">&#x645;&#x62C;&#x644;&#x62F;</subfield>
    <subfield code="b">nc</subfield>
    <subfield code="2">rdacarrier</subfield>
  </datafield>
  <datafield tag="490" ind1="0" ind2=" ">
    <subfield code="a">&#x633;&#x644;&#x633;&#x644;&#x629; &#x625;&#x628;&#x62F;&#x627;&#x639;&#x627;&#x62A; &#x627;&#x644;&#x62A;&#x641;&#x631;&#x63A; &#x61B;</subfield>
    <subfield code="v">&lt;78-74&#x60C; 80-81&gt;</subfield>
  </datafield>
  <datafield tag="504" ind1=" " ind2=" ">
    <subfield code="a">&#x64A;&#x634;&#x62A;&#x645;&#x644; &#x639;&#x644;&#x649; &#x625;&#x631;&#x62C;&#x627;&#x639;&#x627;&#x62A; &#x628;&#x628;&#x644;&#x64A;&#x648;&#x62C;&#x631;&#x627;&#x641;&#x64A;&#x629;.</subfield>
  </datafield>
  <datafield tag="505" ind1="0" ind2=" ">
    <subfield code="a">&#x627;&#x644;&#x645;&#x62C;&#x644;&#x62F; &#x627;&#x644;&#x62B;&#x627;&#x646;&#x64A;. &#x645;&#x62D;&#x627;&#x641;&#x638;&#x627;&#x62A; &#x627;&#x644;&#x648;&#x62C;&#x647; &#x627;&#x644;&#x628;&#x62D;&#x631;&#x64A; : &#x627;&#x644;&#x62F;&#x642;&#x647;&#x644;&#x64A;&#x629; - &#x62F;&#x645;&#x64A;&#x627;&#x637; -- &#x627;&#x644;&#x645;&#x62C;&#x644;&#x62F; &#x627;&#x644;&#x62B;&#x627;&#x644;&#x62B;. &#x645;&#x62D;&#x627;&#x641;&#x638;&#x627;&#x62A; &#x627;&#x644;&#x648;&#x62C;&#x647; &#x627;&#x644;&#x628;&#x62D;&#x631;&#x64A; : &#x627;&#x644;&#x634;&#x631;&#x642;&#x64A;&#x629; - &#x627;&#x644;&#x642;&#x644;&#x64A;&#x648;&#x628;&#x64A;&#x629; -- &#x627;&#x644;&#x645;&#x62C;&#x644;&#x62F; &#x627;&#x644;&#x631;&#x627;&#x628;&#x639;. &#x645;&#x62D;&#x627;&#x641;&#x638;&#x627;&#x62A; &#x627;&#x644;&#x648;&#x62C;&#x647; &#x627;&#x644;&#x628;&#x62D;&#x631;&#x64A; : &#x627;&#x644;&#x645;&#x646;&#x648;&#x641;&#x64A;&#x629; - &#x627;&#x644;&#x63A;&#x631;&#x628;&#x64A;&#x629; -- &#x627;&#x644;&#x645;&#x62C;&#x644;&#x62F; &#x627;&#x644;&#x62E;&#x627;&#x645;&#x633;. &#x645;&#x62D;&#x627;&#x641;&#x638;&#x627;&#x62A; &#x627;&#x644;&#x648;&#x62C;&#x647; &#x627;&#x644;&#x628;&#x62D;&#x631;&#x64A; : &#x643;&#x641;&#x631; &#x627;&#x644;&#x634;&#x64A;&#x62E; - &#x627;&#x644;&#x628;&#x62D;&#x64A;&#x631;&#x629; -- &#x627;&#x644;&#x645;&#x62C;&#x644;&#x62F; &#x627;&#x644;&#x633;&#x627;&#x62F;&#x633;. &#x645;&#x62D;&#x627;&#x641;&#x638;&#x627;&#x62A; : &#x627;&#x644;&#x62C;&#x64A;&#x632;&#x629; - &#x62D;&#x644;&#x648;&#x627;&#x646; -  6 &#x623;&#x643;&#x62A;&#x648;&#x628;&#x631; - &#x627;&#x644;&#x641;&#x64A;&#x648;&#x645; -- &#x627;&#x644;&#x645;&#x62C;&#x644;&#x62F; &#x627;&#x644;&#x633;&#x627;&#x628;&#x639;. &#x645;&#x62D;&#x627;&#x641;&#x638;&#x627;&#x62A; : &#x628;&#x646;&#x64A; &#x633;&#x648;&#x64A;&#x641; - &#x627;&#x644;&#x645;&#x646;&#x64A;&#x627; -- &#x627;&#x644;&#x645;&#x62C;&#x644;&#x62F; &#x627;&#x644;&#x62B;&#x627;&#x645;&#x646;. &#x645;&#x62D;&#x627;&#x641;&#x638;&#x627;&#x62A; &#x627;&#x644;&#x648;&#x62C;&#x647; &#x627;&#x644;&#x642;&#x628;&#x644;&#x64A; : &#x623;&#x633;&#x64A;&#x648;&#x637; - &#x633;&#x648;&#x647;&#x627;&#x62C; -- &#x627;&#x644;&#x645;&#x62C;&#x644;&#x62F; &#x627;&#x644;&#x62A;&#x627;&#x633;&#x639;. &#x645;&#x62D;&#x627;&#x641;&#x638;&#x627;&#x62A; &#x627;&#x644;&#x648;&#x62C;&#x647; &#x627;&#x644;&#x642;&#x628;&#x644;&#x64A; : &#x642;&#x646;&#x627; - &#x627;&#x644;&#x623;&#x642;&#x635;&#x631; - &#x623;&#x633;&#x648;&#x627;&#x646;.</subfield>
  </datafield>
  <datafield tag="650" ind1=" " ind2="7">
    <subfield code="a">&#x645;&#x635;&#x631;</subfield>
    <subfield code="v">&#x648;&#x635;&#x641; &#x648;&#x631;&#x62D;&#x644;&#x627;&#x62A;</subfield>
    <subfield code="z">&#x62F;&#x648;&#x627;&#x626;&#x631; &#x645;&#x639;&#x627;&#x631;&#x641;.</subfield>
    <subfield code="2">BUEsh</subfield>
  </datafield>
  <datafield tag="651" ind1=" " ind2=" ">
    <subfield code="2">BUEsh</subfield>
  </datafield>
  <datafield tag="653" ind1=" " ind2=" ">
    <subfield code="b">GGEN</subfield>
    <subfield code="c">January2018</subfield>
    <subfield code="c">February2018</subfield>
  </datafield>
  <datafield tag="655" ind1=" " ind2=" ">
    <subfield code="v">Reading book</subfield>
  </datafield>
  <datafield tag="942" ind1=" " ind2=" ">
    <subfield code="2">ddc</subfield>
  </datafield>
  <datafield tag="999" ind1=" " ind2=" ">
    <subfield code="c">25844</subfield>
    <subfield code="d">25816</subfield>
  </datafield>
  <datafield tag="952" ind1=" " ind2=" ">
    <subfield code="0">0</subfield>
    <subfield code="1">0</subfield>
    <subfield code="2">ddc</subfield>
    <subfield code="4">0</subfield>
    <subfield code="7">0</subfield>
    <subfield code="8">&#x635;. &#x62A;. &#x62B;</subfield>
    <subfield code="a">MAIN</subfield>
    <subfield code="b">MAIN</subfield>
    <subfield code="c">0TH</subfield>
    <subfield code="d">2018-01-02</subfield>
    <subfield code="e">Purchase</subfield>
    <subfield code="g">50.00</subfield>
    <subfield code="h">2920</subfield>
    <subfield code="o">916.203 &#x645; &#x634; &#x639;</subfield>
    <subfield code="p">000042769</subfield>
    <subfield code="r">2025-07-15 00:00:00</subfield>
    <subfield code="v">62.50</subfield>
    <subfield code="y">REFERENCE</subfield>
    <subfield code="z">&#x645;&#x62C;. 2</subfield>
  </datafield>
  <datafield tag="952" ind1=" " ind2=" ">
    <subfield code="0">0</subfield>
    <subfield code="1">0</subfield>
    <subfield code="2">ddc</subfield>
    <subfield code="4">0</subfield>
    <subfield code="7">0</subfield>
    <subfield code="8">&#x635;. &#x62A;. &#x62B;</subfield>
    <subfield code="a">MAIN</subfield>
    <subfield code="b">MAIN</subfield>
    <subfield code="c">0TH</subfield>
    <subfield code="d">2018-01-02</subfield>
    <subfield code="e">Purchase</subfield>
    <subfield code="g">54.00</subfield>
    <subfield code="h">2920</subfield>
    <subfield code="o">916.203 &#x645; &#x634; &#x639;</subfield>
    <subfield code="p">000042770</subfield>
    <subfield code="r">2025-07-15 00:00:00</subfield>
    <subfield code="v">67.50</subfield>
    <subfield code="y">REFERENCE</subfield>
    <subfield code="z">&#x645;&#x62C;. 3</subfield>
  </datafield>
  <datafield tag="952" ind1=" " ind2=" ">
    <subfield code="0">0</subfield>
    <subfield code="1">0</subfield>
    <subfield code="2">ddc</subfield>
    <subfield code="4">0</subfield>
    <subfield code="7">0</subfield>
    <subfield code="8">&#x635;. &#x62A;. &#x62B;</subfield>
    <subfield code="a">MAIN</subfield>
    <subfield code="b">MAIN</subfield>
    <subfield code="c">0TH</subfield>
    <subfield code="d">2018-01-02</subfield>
    <subfield code="e">Purchase</subfield>
    <subfield code="g">46.00</subfield>
    <subfield code="h">2920</subfield>
    <subfield code="o">916.203 &#x645; &#x634; &#x639;</subfield>
    <subfield code="p">000042771</subfield>
    <subfield code="r">2025-07-15 00:00:00</subfield>
    <subfield code="v">57.50</subfield>
    <subfield code="y">REFERENCE</subfield>
    <subfield code="z">&#x645;&#x62C;. 4</subfield>
  </datafield>
  <datafield tag="952" ind1=" " ind2=" ">
    <subfield code="0">0</subfield>
    <subfield code="1">0</subfield>
    <subfield code="2">ddc</subfield>
    <subfield code="4">0</subfield>
    <subfield code="7">0</subfield>
    <subfield code="8">&#x635;. &#x62A;. &#x62B;</subfield>
    <subfield code="a">MAIN</subfield>
    <subfield code="b">MAIN</subfield>
    <subfield code="c">0TH</subfield>
    <subfield code="d">2018-01-02</subfield>
    <subfield code="e">Purchase</subfield>
    <subfield code="g">50.00</subfield>
    <subfield code="h">2920</subfield>
    <subfield code="o">916.203 &#x645; &#x634; &#x639;</subfield>
    <subfield code="p">000042772</subfield>
    <subfield code="r">2025-07-15 00:00:00</subfield>
    <subfield code="v">62.50</subfield>
    <subfield code="y">REFERENCE</subfield>
    <subfield code="z">&#x645;&#x62C;. 5</subfield>
  </datafield>
  <datafield tag="952" ind1=" " ind2=" ">
    <subfield code="0">0</subfield>
    <subfield code="1">0</subfield>
    <subfield code="2">ddc</subfield>
    <subfield code="4">0</subfield>
    <subfield code="7">0</subfield>
    <subfield code="8">&#x635;. &#x62A;. &#x62B;</subfield>
    <subfield code="a">MAIN</subfield>
    <subfield code="b">MAIN</subfield>
    <subfield code="c">0TH</subfield>
    <subfield code="d">2018-01-02</subfield>
    <subfield code="e">Purchase</subfield>
    <subfield code="g">46.00</subfield>
    <subfield code="h">2920</subfield>
    <subfield code="o">916.203 &#x645; &#x634; &#x639;</subfield>
    <subfield code="p">000042773</subfield>
    <subfield code="r">2025-07-15 00:00:00</subfield>
    <subfield code="v">57.50</subfield>
    <subfield code="y">REFERENCE</subfield>
    <subfield code="z">&#x645;&#x62C;. 7</subfield>
  </datafield>
  <datafield tag="952" ind1=" " ind2=" ">
    <subfield code="0">0</subfield>
    <subfield code="1">0</subfield>
    <subfield code="2">ddc</subfield>
    <subfield code="4">0</subfield>
    <subfield code="7">0</subfield>
    <subfield code="8">&#x635;. &#x62A;. &#x62B;</subfield>
    <subfield code="a">MAIN</subfield>
    <subfield code="b">MAIN</subfield>
    <subfield code="c">0TH</subfield>
    <subfield code="d">2018-01-02</subfield>
    <subfield code="e">Purchase</subfield>
    <subfield code="g">50.00</subfield>
    <subfield code="h">2920</subfield>
    <subfield code="o">916.203 &#x645; &#x634; &#x639;</subfield>
    <subfield code="p">000042774</subfield>
    <subfield code="r">2025-07-15 00:00:00</subfield>
    <subfield code="v">62.50</subfield>
    <subfield code="y">REFERENCE</subfield>
    <subfield code="z">&#x645;&#x62C;. 8</subfield>
  </datafield>
  <datafield tag="952" ind1=" " ind2=" ">
    <subfield code="0">0</subfield>
    <subfield code="1">0</subfield>
    <subfield code="2">ddc</subfield>
    <subfield code="4">0</subfield>
    <subfield code="7">0</subfield>
    <subfield code="8">&#x635;. &#x62A;. &#x62B;</subfield>
    <subfield code="a">MAIN</subfield>
    <subfield code="b">MAIN</subfield>
    <subfield code="c">0TH</subfield>
    <subfield code="d">2018-01-02</subfield>
    <subfield code="e">Purchase</subfield>
    <subfield code="g">30.00</subfield>
    <subfield code="h">2920</subfield>
    <subfield code="o">916.203 &#x645; &#x634; &#x639;</subfield>
    <subfield code="p">000042775</subfield>
    <subfield code="r">2025-07-15 00:00:00</subfield>
    <subfield code="v">37.50</subfield>
    <subfield code="y">REFERENCE</subfield>
    <subfield code="z">&#x645;&#x62C;. 9</subfield>
  </datafield>
  <datafield tag="952" ind1=" " ind2=" ">
    <subfield code="0">0</subfield>
    <subfield code="1">0</subfield>
    <subfield code="2">ddc</subfield>
    <subfield code="4">0</subfield>
    <subfield code="7">0</subfield>
    <subfield code="8">&#x635;. &#x62A;. &#x62B;</subfield>
    <subfield code="a">MAIN</subfield>
    <subfield code="b">MAIN</subfield>
    <subfield code="c">0TH</subfield>
    <subfield code="d">2018-02-07</subfield>
    <subfield code="e">Purchase</subfield>
    <subfield code="g">34.00</subfield>
    <subfield code="h">2420</subfield>
    <subfield code="o">916.203 &#x645; &#x634; &#x639;</subfield>
    <subfield code="p">000042933</subfield>
    <subfield code="r">2025-07-15 00:00:00</subfield>
    <subfield code="v">42.50</subfield>
    <subfield code="y">REFERENCE</subfield>
    <subfield code="z">&#x645;&#x62C;. 6</subfield>
  </datafield>
</record>
